000 00668nam a22002297a 4500
005 20260204120017.0
008 260204b |||||||| |||| 00| 0 eng d
020 _a978-93-6200-898-5
037 _cTB
040 _aCL
_cCL
041 _2eng
_aeng
084 _aY:1v1 R5
_qCRL
100 _aMadam, Sivadas Swami
_91113598
245 _aJourney through global civilisation
260 _aOdisha, India:
_bINKDEW Publication,
_c2025.
300 _avi, 464p.
365 _bINR
_c499
650 _aCivilization
_91113599
650 _aSociology
_91113600
942 _2CC
_cTB
_hY:1v1 R5
_n0
999 _c1678626
_d1678626